000 00366 a2200169 4500
001 71334
020 _a
040 _cAnchieta - Colégio São Paulo
100 _aBraz, Júlio Emílio
240 1 0 _aJoão e Maria
_lpor
245 1 0 _aJoão e Maria
300 _a[14p.]
362 0 _a2003
440 1 _aFTD
650 4 _aLiteratura infanto-juvenil
942 _cBK
999 _c71334
_d71334